[Event "SRI-chB"]
[Site "Colombo"]
[Date "2023.03.12"]
[Round "11"]
[White "Ovitigala, Chenitha Mithvidu"]
[Black "Bandara, Dhanushka"]
[Result "0-1"]
[WhiteElo "1452"]
[BlackElo "1853"]
[PlyCount "115"]
[EventDate "2023.03.04"]
[EventType "swiss"]
[EventRounds "11"]
[EventCountry "SRI"]
[SourceTitle "CBM 213 Extra"]
[Source "ChessBase"]
[SourceDate "2023.05.31"]
[SourceVersion "1"]
[SourceVersionDate "2023.05.31"]
[SourceQuality "1"]

1. e4 c5 2. c3 d5 3. exd5 Qxd5 4. d4 Nc6 5. Nf3 Bg4 6. Be2 Nf6 7. 0-0 e6 8. Be3 cxd4 9. cxd4 Be7 10. Nc3 Qa5 11. Qb3 Qb4 12. Qc2 0-0 13. a3 Qd6 14. Rfd1 a6 15. h3 Bh5 16. Rac1 Rac8 17. Qb3 b5 18. d5 Na5 19. Qa2 Nc4 20. dxe6 Qxe6 21. Ng5 Qc6 22. Bxh5 Nxh5 23. Nd5 Qb7 24. Qb1 f5 25. Ne6 Rf7 26. Qd3 Nxb2 27. Nxe7+ Rxe7 28. Rxc8+ Qxc8 29. Qd8+ Qxd8 30. Rxd8+ Kf7 31. Ng5+ Kg6 32. Rd6+ Nf6 33. Rxa6 Rxe3 34. fxe3 Kxg5 35. Rb6 Nc4 36. Rxb5 Nxa3 37. Rb7 Kg6 38. Kf2 Nc4 39. Ra7 Ne5 40. Ra6 Kg5 41. Ra7 g6 42. Ra6 Ne4+ 43. Ke2 Kh4 44. Ra5 Nf7 45. Kf3 Nfg5+ 46. Kf4 Ng3 47. Ra3 N5e4 48. Ra7 Nh5+ 49. Kf3 Ng5+ 50. Kf2 Nf6 51. Kg1 Kg3 52. Ra3 Nge4 53. Ra7 Nd5 54. Rxh7 Nxe3 55. Rg7 g5 56. Ra7 Nc3 57. Ra3 Ne2+ 58. Kh1 0-1